La clase obrera en la revolución cubana / (Record no. 129333)

MARC details
000 -CABECERA
campo de control de longitud fija 00577nam a2200205 a 4500
005 - FECHA Y HORA DE LA ÚLTIMA TRANSACCIÓN
campo de control 20210219160039.0
008 - ELEMENTOS DE LONGITUD FIJA--INFORMACIÓN GENERAL
campo de control de longitud fija 080620s1988 mx r 000 0 spa d
020 ## - NÚMERO INTERNACIONAL NORMALIZADO PARA LIBROS
Número Internacional Estándar del Libro 5010006332
035 ## - NÚMERO DE CONTROL DEL SISTEMA
Número de control de sistema UPN01000157219
049 ## - COLECCIÓN
Colección UNE
082 14 - NÚMERO DE LA CLASIFICACIÓN DECIMAL DEWEY
Número de clasificación OC 329.14 (09) (729.1) OKU.
100 1# - ASIENTO PRINCIPAL--NOMBRE PERSONAL
Nombre de persona Okunieva, M
245 13 - MENCIÓN DE TÍTULO
Título La clase obrera en la revolución cubana /
Mención de responsabilidad, etc. M. Okunieva.
260 ## - PUBLICACIÓN, DISTRIBUCIÓN, ETC.
Lugar de publicación, distribución, etc. La Habana :
Nombre del editor, distribuidor, etc. Ciencias Sociales ;
Lugar de publicación, distribución, etc. URSS :
Nombre del editor, distribuidor, etc. Progreso,
Fecha de publicación, distribución, etc. 1988.
300 ## - DESCRIPCIÓN FÍSICA
Extensión 141 p.
690 ## - PUNTO DE ACCESO ADICIONAL DE MATERIA LOCAL--TÉRMINO DE MATERIA (OCLC, RLIN)
Término de materia o nombre geográfico como elemento inicial Movimientos revolucionarios
690 ## - PUNTO DE ACCESO ADICIONAL DE MATERIA LOCAL--TÉRMINO DE MATERIA (OCLC, RLIN)
Término de materia o nombre geográfico como elemento inicial Clase obrera
690 ## - PUNTO DE ACCESO ADICIONAL DE MATERIA LOCAL--TÉRMINO DE MATERIA (OCLC, RLIN)
Término de materia o nombre geográfico como elemento inicial Cuba
905 ## - TIPO DE MATERIAL
Tipo de material UNESCO

No items available.